Представление документа в формате MARC21

Поле Инд. ПП Название Значение
Тип записи m
Библиографический уровень m
001 Контрольный номер RU/LIBMSTU/292675109
005 Дата корректировки 20230201120005.6
008 Кодируемые данные 091021|||||||||ru||||||||||||||||||rus||
040 b Код языка каталог. rus
084 a Индекс другой классификации/Индекс ББК 36.99
090 x Авторский знак К 88
245 10 a Заглавие Кухни народов мира
b Продолж. заглавия метод. указания к лаб. работам по дисциплине "Кухни народов мира" для специальности 260501 "Технология продуктов общественного питания" всех форм обучения
c Ответственность Гос. ком. Рос. Федерации по рыболовству, Мурман. гос. техн. ун-т, Каф. технологии пищевых пр-в ; сост. В. В. Беспалова
h Физич. носитель Электронный ресурс
256 a Характеристики компьютерного файла Электрон. текстовые дан. (1 файл : 443 Кб)
260 a Место издания Мурманск
b Издательство Изд-во МГТУ
c Дата издания 2008
500 a Примечание Доступ из локальной сети Мурман. гос. техн. ун-та
500 10 a Примечание Загл. с экрана
583 x Служебное примечание Полнотекстовые документы
x Служебное примечание Труды преподавателей МГТУ
z Открытое примечание 260000
z Открытое примечание 19.00.00
653 0_ a Ключевые слова Труды преподавателей МГТУ
a Ключевые слова Электронные версии
653 1_ a Ключевые слова Кухни народов мира
653 1_ a Ключевые слова Технология приготовления блюд
653 1_ a Ключевые слова Ассортимент блюд
a Ключевые слова Методические указания
653 1_ a Ключевые слова Технология продуктов
653 1_ a Ключевые слова Технология продуктов общественного питания
856 40 u URL https://elib.mauniver.ru/2008/M_08_10.pdf
901 t Тип документа m
952 c Вид литературы учебно-методическое издание